000 00447nam a2200181Ia 4500
003 GCL
008 140319s9999 xx 000 0 eng d
040 _aGCL /
_cGCL
082 0 4 _a965
_bS A
100 1 _aSADI, SAID
245 1 0 _aALGERIE L'ECHEC RECOMMENCE ? /
_cSADI, SAID
260 _a[S.N] :
_bEDITIONS PRINCESSE ،
_c1991
300 _a359 P
650 0 4 _aHISTORY
650 0 4 _aALGERIA
650 0 4 _aALGERIA - HISTORY
942 _2ddc
_cBK
999 _c11190
_d11190